Normal view
MARC view
- Aslam Zubari, Muhammad
Entry Personal Name
001 - CONTROL NUMBER
- control field: 49360
003 - CONTROL NUMBER IDENTIFIER
- control field: NUST
005 - DATE AND TIME OF LATEST TRANSACTION
- control field: 20210314134320.0
008 - FIXED-LENGTH DATA ELEMENTS
- fixed length control field: 210314|| aca||aabn | a|a d
040 ## - CATALOGING SOURCE
- Original cataloging agency: NUST
- Transcribing agency: NUST
100 ## - HEADING--PERSONAL NAME
- Personal name: Aslam Zubari, Muhammad
670 ## - SOURCE DATA FOUND
- Source citation: Work cat.: (NUST): Aslam Zubari, Muhammad., History of the corps of signals Pakistan army., 1995
